[Event "Riga Tech Open A 2018"]
[Site "Riga LAT"]
[Date "2018.08.11"]
[Round "8.23"]
[White "Kaczur, Florian"]
[Black "Hedman, Erik"]
[Result "1/2-1/2"]
[WhiteTitle "IM"]
[BlackTitle "FM"]
[WhiteElo "2482"]
[BlackElo "2370"]
[WhiteFideId "705098"]
[BlackFideId "1702351"]
[EventDate "2018.08.06"]

1. e4 c5 2. Nf3 Nc6 3. Bb5 d6 4. Bxc6+ bxc6 5. O-O e5 6. c3 f5 7. exf5 Be7 8. d4
e4 9. Nfd2 Nf6 10. dxc5 d5 11. Nb3 Bxf5 12. Be3 O-O 13. N1d2 Qe8 14. f3 exf3 15.
Nxf3 Ne4 16. Qe1 a5 17. a4 Rb8 18. Nfd4 Bg4 19. Rxf8+ Bxf8 20. Bf4 Rb7 21. Bd6
Nxd6 22. cxd6 Qg6 23. Qh4 Rb8 24. Re1 Bd7 25. Nc5 Qxd6 26. Nxd7 Qxd7 27. Re2 Bc5
28. Qf4 1/2-1/2

[Event "Riga Tech Open A 2018"]
[Site "Riga LAT"]
[Date "2018.08.11"]
[Round "8.24"]
[White "Leenhouts, Koen"]
[Black "Nikitenko, Mihail"]
[Result "1/2-1/2"]
[WhiteTitle "IM"]
[BlackTitle "IM"]
[WhiteElo "2475"]
[BlackElo "2374"]
[WhiteFideId "1008439"]
[BlackFideId "13506862"]
[EventDate "2018.08.06"]

1. e4 e5 2. Nf3 Nc6 3. Bb5 a6 4. Ba4 Nf6 5. O-O Nxe4 6. d4 b5 7. Bb3 d5 8. dxe5
Be6 9. Qe2 Be7 10. Rd1 O-O 11. c4 bxc4 12. Bxc4 Bc5 13. Be3 Bxe3 14. Qxe3 Qb8
15. Bb3 Qb6 16. Qxb6 cxb6 17. Nbd2 Nc5 18. Nf1 Rfd8 19. Rac1 a5 20. Ne3 Nb4 21.
Rd4 a4 22. Bxd5 Nxd5 23. Rcd1 a3 24. bxa3 Ra4 25. R4d2 Ne4 26. Rd3 Rf8 27. Rxd5
Nc3 28. Rd6 Nxd1 29. Nxd1 Rb8 30. Nd4 Rxa3 31. Ne3 Rxa2 32. f4 g6 33. Nxe6 fxe6
34. Rxe6 Ra7 35. Nd5 b5 36. Rd6 b4 37. e6 Kf8 38. e7+ Ke8 39. Re6 b3 40. Nf6+
Kf7 41. Rb6 Rxe7 42. Rxb8 Kxf6 43. Kf2 g5 44. fxg5+ Kxg5 45. Rb5+ Kg6 46. Rxb3
Re6 47. Kf3 h6 48. Kf4 Ra6 49. Rg3+ Kf6 50. Kg4 Kg6 51. Kh4+ Kh7 52. Rb3 Kg6 53.
Rb4 Rc6 54. Rd4 Ra6 55. Kg4 Rb6 56. Kf4 Kf6 57. Ke4 Rb2 58. Kf3 Rb6 59. Rg4 Kf7
60. Kg3 Rb3+ 61. Kh4 Rb5 62. Ra4 Kg7 63. Ra7+ Kg6 64. Ra6+ Kg7 65. g3 Rb4+ 66.
g4 Rb3 67. Re6 Ra3 68. Re2 Kg6 69. Rg2 Ra4 70. Kh3 h5 1/2-1/2

[Event "Riga Tech Open A 2018"]
[Site "Riga LAT"]
[Date "2018.08.11"]
[Round "8.25"]
[White "Mishuchkov, Nikolai M."]
[Black "Gorodetzky, David"]
[Result "0-1"]
[WhiteTitle "IM"]
[BlackTitle "IM"]
[WhiteElo "2307"]
[BlackElo "2451"]
[WhiteFideId "4102401"]
[BlackFideId "2813416"]
[EventDate "2018.08.06"]

1. d4 Nf6 2. Nf3 e6 3. c4 d5 4. Nc3 c6 5. e3 Nbd7 6. Bd3 dxc4 7. Bxc4 b5 8. Bd3
Bd6 9. a4 b4 10. Ne4 Nxe4 11. Bxe4 Bb7 12. Nd2 Qc7 13. Nc4 Be7 14. O-O Rd8 15.
b3 c5 16. Bxb7 Qxb7 17. Bb2 O-O 18. Qf3 Qxf3 19. gxf3 Bf6 20. Ne5 cxd4 21. Nc6
Rc8 22. Nxd4 Nc5 23. Rab1 e5 24. Nf5 Rcd8 25. f4 exf4 26. Bxf6 gxf6 27. Rfc1 Ne4
28. Rb2 Nc3 29. Kg2 Rfe8 30. Kf3 Re5 31. Rg1+ Kf8 32. Nh6 Rh5 33. Rg8+ Ke7 34.
Rxd8 Kxd8 35. Ng4 fxe3 36. Nxe3 Rxh2 37. Rd2+ Ke7 38. Nf5+ Ke6 39. Nd4+ Kd5 40.
Nb5+ Kc5 41. Nxa7 Rh1 42. Rd8 Rb1 43. Rc8+ Kb6 44. Nb5 Rxb3 45. Nd4 Rb1 46. Ke3
Nxa4 47. Rc6+ Ka5 48. Rxf6 b3 49. Rf5+ Kb4 50. Nxb3 Rxb3+ 51. Kf4 Nc5 52. Rxf7
Rh3 53. Kg4 Rh1 54. f4 Kc4 55. f5 Kd5 56. f6 Ke6 57. Rc7 Nd7 58. Rc6+ Ke5 59. f7
Rf1 60. Kg5 Rxf7 61. Rc7 Ke6 62. Rc6+ Ke7 63. Rc1 Kf8 64. Kh6 Kg8 65. Rc8+ Nf8
66. Rc6 Rg7 67. Rc8 Rg6+ 68. Kh5 Rd6 69. Ra8 Kg7 70. Ra7+ Nd7 71. Kg5 Rd5+ 72.
Kf4 Kg6 73. Ra1 Rf5+ 0-1

[Event "Riga Tech Open A 2018"]
[Site "Riga LAT"]
[Date "2018.08.11"]
[Round "8.27"]
[White "Cruz Lledo, Pablo"]
[Black "Sawlin, Leonid"]
[Result "0-1"]
[WhiteTitle "IM"]
[BlackTitle "FM"]
[WhiteElo "2432"]
[BlackElo "2346"]
[WhiteFideId "2297361"]
[BlackFideId "4689542"]
[EventDate "2018.08.06"]

1. d4 d6 2. g3 Nf6 3. Bg2 Nbd7 4. Nf3 e5 5. O-O Be7 6. b3 c6 7. Bb2 e4 8. Nfd2
d5 9. c4 O-O 10. Nc3 Re8 11. f3 e3 12. cxd5 exd2 13. dxc6 bxc6 14. Qxd2 Ba6 15.
Rfe1 Bb4 16. a3 Bf8 17. Rad1 Rb8 18. Qc2 c5 19. Na4 Qc8 20. Bh3 cxd4 21. Qxc8
Bxc8 0-1

[Event "Riga Tech Open A 2018"]
[Site "Riga LAT"]
[Date "2018.08.11"]
[Round "8.28"]
[White "Kuznecovs, Nikita"]
[Black "Samolins, Vitalijs"]
[Result "0-1"]
[BlackTitle "IM"]
[WhiteElo "2280"]
[BlackElo "2419"]
[WhiteFideId "11604557"]
[BlackFideId "11602112"]
[EventDate "2018.08.06"]

1. d4 d5 2. Bf4 Nf6 3. e3 c5 4. c3 Nc6 5. Nd2 Bf5 6. Qb3 Qd7 7. Ngf3 c4 8. Qd1
e6 9. Nh4 Bd6 10. Nxf5 exf5 11. Qf3 g6 12. Bxd6 Qxd6 13. g3 O-O 14. Bg2 b5 15.
O-O Rfc8 16. a3 Rab8 17. Qe2 Re8 18. f3 Re6 19. Qf2 Rbe8 20. Rae1 Nd8 21. Re2
Qc6 22. Rfe1 Nb7 23. Rc1 Nd6 24. Nf1 R8e7 25. Rec2 Nc8 26. Qd2 Nb6 27. Re1 Kg7
28. Qd1 Qd6 29. Rce2 Qc6 30. Nd2 Qe8 31. Nf1 h5 32. h4 Nc8 33. Kf2 Nd6 34. Qc2
Qc6 35. Bh3 Re8 36. Ra1 a5 37. Bg2 R6e7 38. Bh3 Rb7 39. Nd2 b4 40. axb4 axb4 41.
Bg2 Reb8 42. cxb4 Rxb4 43. b3 Qb6 44. bxc4 dxc4 45. Qc1 Rb2 46. Bf1 c3 47. Qxc3
Rxd2 48. Qxd2 Nde4+ 49. fxe4 Nxe4+ 50. Kg1 Nxd2 51. Rxd2 Qd6 52. Kf2 Rb3 53. Ra7
Qb6 54. Bc4 Qxa7 55. Bxb3 Qa3 56. Bd1 Qc3 57. Ke2 Qc4+ 58. Kf2 Qc3 59. Ke2 Qc4+
60. Kf2 Qc3 61. Ra2 Qc4 62. Ra5 f4 63. gxf4 Qc1 64. Be2 Qh1 65. Bf3 Qxh4+ 66.
Ke2 Qh2+ 67. Kd3 Qf2 68. Bd5 Qf1+ 69. Ke4 Qb1+ 70. Kf3 h4 71. e4 Qd3+ 0-1

[Event "Riga Tech Open A 2018"]
[Site "Riga LAT"]
[Date "2018.08.11"]
[Round "8.35"]
[White "Kulaots, Kaido"]
[Black "Arnold, Max"]
[Result "1-0"]
[WhiteTitle "GM"]
[WhiteElo "2554"]
[BlackElo "2260"]
[WhiteFideId "4500261"]
[BlackFideId "24682810"]
[EventDate "2018.08.06"]

1. Nf3 d5 2. c4 d4 3. b4 f6 4. e3 e5 5. c5 a5 6. Qa4+ Bd7 7. b5 Bxc5 8. Bc4 Ne7
9. exd4 exd4 10. Ba3 Na6 11. O-O Nb4 12. d3 c6 13. Nbd2 Qb6 14. bxc6 Bxc6 15.
Qb3 O-O-O 16. Rab1 Ned5 17. Bxb4 axb4 18. Bxd5 Bxd5 19. Qc2 Kb8 20. a3 Rc8 21.
axb4 Bd6 22. Qb2 Rc3 23. Ne4 Bxe4 24. dxe4 Rhc8 25. Qa2 R8c4 26. Ra1 Kc8 27. Nd2
Rxb4 28. Qg8+ Kc7 29. Ra8 Kc6 30. Qe8+ Kc5 31. Rc8+ Bc7 32. Qd7 1-0

[Event "Riga Tech Open A 2018"]
[Site "Riga LAT"]
[Date "2018.08.12"]
[Round "9.1"]
[White "Predke, Alexandr"]
[Black "Hovhannisyan, Robert"]
[Result "1/2-1/2"]
[WhiteTitle "GM"]
[BlackTitle "GM"]
[WhiteElo "2606"]
[BlackElo "2608"]
[WhiteFideId "24107581"]
[BlackFideId "13302507"]
[EventDate "2018.08.06"]

1. d4 d5 2. c4 c6 3. Nf3 Nf6 4. e3 Bg4 5. h3 Bh5 6. g4 Bg6 7. Qb3 Qb6 8. Nc3 e6
9. Ne5 Qxb3 10. axb3 Bc2 11. Bd3 Bxb3 12. c5 Nbd7 13. Nf3 Bc4 14. Bxc4 dxc4 15.
Ra4 b5 16. cxb6 Nxb6 17. Ra6 Nfd5 18. Ke2 Bb4 19. Bd2 Nc7 20. Ra2 f6 21. Na4 Bd6
22. Rc1 O-O 23. Nc5 Rfb8 24. Ba5 Bf8 25. Nd7 Nxd7 26. Bxc7 Rb7 27. Bg3 Rb4 28.
Nd2 c5 29. dxc5 Nxc5 30. Rxc4 Rxc4 31. Nxc4 e5 32. Nd2 1/2-1/2

[Event "Riga Tech Open A 2018"]
[Site "Riga LAT"]
[Date "2018.08.12"]
[Round "9.2"]
[White "Esipenko, Andrey"]
[Black "Kovalenko, Igor"]
[Result "1/2-1/2"]
[WhiteTitle "GM"]
[BlackTitle "GM"]
[WhiteElo "2589"]
[BlackElo "2641"]
[WhiteFideId "24175439"]
[BlackFideId "14117908"]
[EventDate "2018.08.06"]

1. d4 Nf6 2. Nf3 g6 3. g3 Bg7 4. Bg2 O-O 5. O-O b6 6. c4 Bb7 7. d5 Ne4 8. Qc2 f5
9. Rd1 Na6 10. Be3 Qe8 11. Bd4 e5 12. dxe6 Bxd4 13. Nxd4 dxe6 14. Nd2 Nd6 15.
Bxb7 Nxb7 16. N4f3 e5 17. c5 Naxc5 18. b4 e4 19. Ng5 Ne6 20. Nxe6 Qxe6 21. Qxc7
Rf7 22. Qf4 Rd8 23. Nb3 Rfd7 24. Rxd7 Rxd7 25. Rc1 Nd8 26. e3 Nf7 27. Nd4 Qe8
28. Qh4 Ne5 29. Qf6 Rf7 30. Qd6 Rd7 31. Qf6 Rf7 32. Qd6 Rd7 33. Qf6 1/2-1/2

[Event "Riga Tech Open A 2018"]
[Site "Riga LAT"]
[Date "2018.08.12"]
[Round "9.4"]
[White "Kjartansson, Gudmundur"]
[Black "Smirin, Ilia"]
[Result "1/2-1/2"]
[WhiteTitle "IM"]
[BlackTitle "GM"]
[WhiteElo "2434"]
[BlackElo "2602"]
[WhiteFideId "2301318"]
[BlackFideId "2801990"]
[EventDate "2018.08.06"]

1. d4 Nf6 2. c4 c5 3. d5 e6 4. Nc3 exd5 5. cxd5 g6 6. e4 d6 7. f4 Bg7 8. Bb5+
Nfd7 9. Nf3 a6 10. Bd3 b5 11. a3 O-O 12. O-O Re8 13. Re1 Nb6 14. Bd2 Bg4 15. h3
Bxf3 16. Qxf3 N8d7 17. Re2 Rb8 18. Rae1 b4 19. axb4 cxb4 20. Nd1 Na4 21. Be3
Ndc5 22. Bb1 b3 23. e5 dxe5 24. Bxc5 Nxc5 25. fxe5 Qg5 26. e6 fxe6 27. dxe6 Rf8
28. Qc6 Rbc8 29. Qb6 Qe7 30. Qb4 Rcd8 31. Nc3 Rd4 32. Qa3 Rfd8 33. Kh1 Rd2 34.
Rxd2 Rxd2 35. Ne4 Qh4 36. Qxc5 Qxe1+ 37. Kh2 Rd1 38. Qc8+ Bf8 39. e7 Qg1+ 40.
Kg3 Qe3+ 41. Kh2 Qg1+ 42. Kg3 Qe3+ 43. Kh2 Qg1+ 1/2-1/2

[Event "Riga Tech Open A 2018"]
[Site "Riga LAT"]
[Date "2018.08.12"]
[Round "9.8"]
[White "Korchmar, Vasiliy"]
[Black "Maiorov, Nikita1"]
[Result "1/2-1/2"]
[WhiteTitle "IM"]
[BlackTitle "GM"]
[WhiteElo "2415"]
[BlackElo "2504"]
[WhiteFideId "24131750"]
[BlackFideId "13501720"]
[EventDate "2018.08.06"]

1. d4 Nf6 2. c4 e6 3. g3 Bb4+ 4. Nd2 a5 5. Bg2 O-O 6. Nf3 b6 7. Ne5 Ra7 8. O-O
Ba6 9. Ndf3 Be7 10. Qc2 d6 11. Nd3 c5 12. b3 Qc8 13. Qd1 Nbd7 14. Bb2 Bb7 15.
Rc1 Qa8 16. Nfe1 Bxg2 17. Nxg2 a4 18. b4 cxb4 19. Nxb4 d5 20. Ba3 dxc4 21. Rxc4
b5 22. Rc1 Nb6 23. Ne3 Nfd5 24. Nbxd5 Nxd5 25. Bxe7 Nxe3 26. fxe3 Rxe7 27. Qd2 1/2-1/2

[Event "Riga Tech Open A 2018"]
[Site "Riga LAT"]
[Date "2018.08.12"]
[Round "9.11"]
[White "Samolins, Vitalijs"]
[Black "Bluebaum, Matthias"]
[Result "1/2-1/2"]
[WhiteTitle "IM"]
[BlackTitle "GM"]
[WhiteElo "2419"]
[BlackElo "2637"]
[WhiteFideId "11602112"]
[BlackFideId "24651516"]
[EventDate "2018.08.06"]

1. e4 c6 2. d4 d5 3. Nc3 dxe4 4. Nxe4 Bf5 5. Ng3 Bg6 6. Nh3 Nf6 7. Nf4 Nbd7 8.
Bc4 Qc7 9. Nxg6 hxg6 10. Qf3 e6 11. Bf4 Bd6 12. Bxd6 Qxd6 13. O-O-O Rh4 14. c3
O-O-O 15. Bd3 Rf4 16. Qe2 Qd5 17. f3 Qxa2 18. h4 Qa1+ 19. Kc2 Qa4+ 20. Kb1 Rh8
21. Qe1 Rfxh4 22. Rxh4 Rxh4 23. Bc2 Qb5 24. Nf5 gxf5 25. Qxh4 Nd5 26. Qe1 N7b6
27. Bd3 Qb3 28. Bc2 Qb5 29. Bd3 Nc4 30. Bxc4 Qxc4 31. Qe5 a5 32. Qxg7 Nxc3+ 33.
bxc3 Qb3+ 34. Kc1 Qxc3+ 35. Kb1 Qb3+ 1/2-1/2

[Event "Riga Tech Open A 2018"]
[Site "Riga LAT"]
[Date "2018.08.12"]
[Round "9.12"]
[White "Miedema, David"]
[Black "Donchenko, Alexander"]
[Result "1/2-1/2"]
[WhiteTitle "IM"]
[BlackTitle "GM"]
[WhiteElo "2397"]
[BlackElo "2612"]
[WhiteFideId "1018477"]
[BlackFideId "24603295"]
[EventDate "2018.08.06"]

1. d4 Nf6 2. c4 e6 3. Nf3 d5 4. Nc3 Bb4 5. Bg5 h6 6. Bxf6 Qxf6 7. e3 O-O 8. Qb3
c5 9. cxd5 exd5 10. dxc5 Nc6 11. Bb5 d4 12. Bxc6 dxc3 13. Qxb4 cxb2 14. Rb1 Qxc6
15. O-O Be6 16. Nd4 Qe4 17. Qa3 Bd5 18. f3 Qe5 19. Rxb2 Rfe8 20. Rd1 f5 21. Rbd2
Bf7 22. Kf2 Rac8 23. Rc1 f4 24. e4 Red8 25. Qc3 b6 26. Ne2 Qc7 27. c6 b5 28. Rd7
Qxd7 29. cxd7 Rxc3 30. Rxc3 Rxd7 31. a3 g5 32. g3 Rd2 33. Ke1 Ra2 34. gxf4 Bc4
35. Nc1 Rxh2 36. fxg5 hxg5 37. Nd3 a5 38. Ne5 Ba2 39. Rc8+ Kg7 40. Rc7+ Kf8 41.
Nd3 Bc4 42. Ne5 Ba2 43. Rc5 b4 44. axb4 axb4 45. Rb5 b3 46. Nd3 Ke7 47. Rxg5 b2
48. Nxb2 Rxb2 49. Kf1 Kf6 50. Rg2 Bc4+ 51. Kg1 Rb3 52. Kf2 Ke5 53. Rg7 Rb1 54.
Rh7 Rb2+ 55. Kg3 Kd4 56. Kf4 Kd3 57. Rd7+ Ke2 58. Rc7 Rb4 59. Rd7 Rb3 60. Rd4
Rxf3+ 61. Ke5 Bb3 62. Rb4 Kd2 63. Kd6 Kc3 64. Rxb3+ Kxb3 65. e5 Rd3+ 66. Kc7
Rc3+ 67. Kd6 Rd3+ 68. Kc7 Kc4 69. e6 Kd5 70. e7 Rc3+ 71. Kd7 Ra3 72. e8=Q Ra7+
73. Kd8 Ra8+ 74. Ke7 Rxe8+ 75. Kxe8 Ke5 1/2-1/2

[Event "Riga Tech Open A 2018"]
[Site "Riga LAT"]
[Date "2018.08.12"]
[Round "9.14"]
[White "Zakhartsov, Viacheslav V."]
[Black "Pechac, Jergus"]
[Result "1/2-1/2"]
[WhiteTitle "GM"]
[BlackTitle "IM"]
[WhiteElo "2544"]
[BlackElo "2431"]
[WhiteFideId "4115333"]
[BlackFideId "14926970"]
[EventDate "2018.08.06"]

1. d4 Nf6 2. c4 g6 3. Nc3 Bg7 4. e4 O-O 5. Be3 d6 6. f3 c6 7. Qd2 Nbd7 8. Nge2
a6 9. g4 b5 10. g5 Nh5 11. Ng3 Nxg3 12. hxg3 Re8 13. f4 Rb8 14. cxb5 axb5 15. b4
c5 16. dxc5 Nxc5 17. bxc5 b4 18. Bd4 e5 19. Nb5 exd4 20. Nxd6 d3 21. Rc1 Bc3 22.
Rxc3 bxc3 23. Qxc3 Ba6 24. Kf2 Re7 25. Bg2 Bb7 26. Rd1 Ra8 27. a3 Qb8 28. Rxd3
Bc6 29. Qb4 Qa7 30. Rb3 Ba4 31. Rc3 Rb8 32. Qd4 Bc6 33. Bf3 Rb2+ 34. Ke3 Qa8 35.
Nc4 Bxe4 36. Bxe4 Rxe4+ 37. Qxe4 Re2+ 38. Kxe2 Qxe4+ 39. Ne3 Qc6 40. a4 Kf8 41.
a5 Ke7 42. Rc4 Kd7 43. Kd3 Qb5 44. c6+ Kc7 45. Kd4 Qxa5 46. Nd5+ Kd6 47. Nc3 Kc7
48. Nd5+ Kd6 49. Nc3 Kc7 50. Nd5+ 1/2-1/2

[Event "Riga Tech Open A 2018"]
[Site "Riga LAT"]
[Date "2018.08.12"]
[Round "9.17"]
[White "Sawlin, Leonid"]
[Black "Pultinevicius, Paulius"]
[Result "0-1"]
[WhiteTitle "FM"]
[BlackTitle "IM"]
[WhiteElo "2346"]
[BlackElo "2452"]
[WhiteFideId "4689542"]
[BlackFideId "12809390"]
[EventDate "2018.08.06"]

1. e4 c6 2. d4 d5 3. e5 Bf5 4. Nf3 e6 5. Nbd2 Nd7 6. Nb3 Ne7 7. a4 Bg6 8. a5 a6
9. Be2 Nf5 10. O-O Rc8 11. c4 Be7 12. Re1 O-O 13. h3 Qc7 14. Bd2 Qb8 15. Rc1
Rcd8 16. Bf1 Rde8 17. g4 Nh4 18. Nxh4 Bxh4 19. cxd5 cxd5 20. g5 f6 21. gxf6 Nxf6
22. exf6 Bxf2+ 23. Kh1 Rxf6 24. Bg2 Bxe1 25. Qxe1 Be4 26. Nc5 Bxg2+ 27. Kxg2
Ref8 28. Rc3 Qe8 29. Rg3 Qf7 30. Nd3 Rf3 31. Qe2 Rxg3+ 32. Kxg3 Qg6+ 33. Kh2 Qe4
34. Qxe4 dxe4 35. Nf4 g5 36. Ng2 Rf2 37. Bc3 Kf7 38. h4 gxh4 39. Kh3 e3 40. Nxh4
e2 41. Kg3 Rf1 42. Nf3 h5 43. Kf4 h4 44. Ke3 h3 45. Kxe2 Rg1 46. Kf2 Rg2+ 47.
Kf1 Kg6 48. Nh4+ Kg5 49. Nxg2 h2 50. Ne1 h1=Q+ 51. Ke2 Kf5 52. Nd3 Qe4+ 53. Kd2
Qg2+ 54. Ke3 Qg3+ 55. Kd2 Ke4 56. Nc5+ Kd5 57. Nd3 Qg2+ 58. Ke3 Kc4 59. Ne5+ Kb3
60. Nd3 Qg5+ 61. Ke2 Kc2 62. Ne1+ Kb1 63. Nd3 Qb5 64. Kd2 b6 65. axb6 Qxb6 66.
Ne5 Qb5 67. Nd3 a5 68. Ne1 a4 69. Nd3 Qg5+ 70. Kd1 Qe3 71. Ne5 a3 72. Nc4 Qg1+
73. Ke2 a2 74. Na3+ Kc1 75. b3 Qg2+ 76. Kd3 Qf3+ 77. Kc4 Qxc3+ 0-1

[Event "Riga Tech Open A 2018"]
[Site "Riga LAT"]
[Date "2018.08.12"]
[Round "9.18"]
[White "Gorodetzky, David"]
[Black "Gorbatov, Alexej"]
[Result "1-0"]
[WhiteTitle "IM"]
[BlackTitle "IM"]
[WhiteElo "2451"]
[BlackElo "2389"]
[WhiteFideId "2813416"]
[BlackFideId "4111834"]
[EventDate "2018.08.06"]

1. d4 e6 2. Nf3 c5 3. e3 Nf6 4. c4 a6 5. a3 d5 6. cxd5 exd5 7. dxc5 Bxc5 8. b4
Bb6 9. Bb2 Nc6 10. Be2 O-O 11. O-O Bg4 12. Nbd2 Bc7 13. Qb3 Qd6 14. Rfd1 Rad8
15. Nf1 Ne4 16. Ng3 Qh6 17. Rac1 Bb6 18. Nd4 Bxe2 19. Ndxe2 Qg5 20. Nxe4 dxe4
21. Ng3 Qg4 22. Qc2 f5 23. Qb3+ Rf7 24. Rxd8+ Nxd8 25. h3 Qg6 26. Rc8 f4 27.
exf4 e3 28. fxe3 Qxg3 29. Bd4 Qg6 30. Qd5 Bc7 31. Rxc7 Ne6 32. Rc8+ Nf8 33.
Rxf8+ 1-0

[Event "Riga Tech Open A 2018"]
[Site "Riga LAT"]
[Date "2018.08.12"]
[Round "9.21"]
[White "Ter-Sahakyan, Samvel"]
[Black "Jackson, James P"]
[Result "1-0"]
[WhiteTitle "GM"]
[BlackTitle "FM"]
[WhiteElo "2551"]
[BlackElo "2380"]
[WhiteFideId "13302531"]
[BlackFideId "416860"]
[EventDate "2018.08.06"]

1. e4 e5 2. Nf3 Nc6 3. Bb5 a6 4. Ba4 Nf6 5. O-O Be7 6. Re1 b5 7. Bb3 d6 8. c3
O-O 9. h3 Nb8 10. d4 Nbd7 11. Nbd2 Bb7 12. Bc2 Re8 13. Nf1 Bf8 14. Ng3 g6 15. a4
c5 16. d5 c4 17. Bg5 Nc5 18. Qd2 Be7 19. Bh6 Nfd7 20. Nh2 Nxa4 21. Bxa4 bxa4 22.
Rxa4 a5 23. Ng4 Ba6 24. Be3 Bf8 25. Nh6+ Bxh6 26. Bxh6 Nc5 27. Ra2 Nd3 28. Rf1
Rb8 29. Kh2 Rb7 30. Qe3 Bb5 31. Ne2 f6 32. Qg3 Kh8 33. Be3 Bd7 34. f4 Rf8 35.
fxe5 dxe5 36. Nc1 Nxb2 37. Qf2 Na4 38. Qe1 Rb2 39. Rxb2 Nxb2 40. Qe2 Qb8 41. Rf2
Na4 42. Qxc4 Qc8 43. Qxc8 Bxc8 44. Rc2 f5 45. c4 fxe4 46. c5 Ba6 47. c6 Bd3 48.
d6 Bxc2 49. d7 Nb6 50. Bxb6 Ba4 51. d8=Q Rxd8 52. Bxd8 Bxc6 53. Bxa5 Kg7 54. Kg3
Kf6 55. Bb6 g5 56. Be3 h5 57. h4 gxh4+ 58. Kxh4 Kg6 59. Nb3 Be8 60. Nd2 Bb5 61.
Nb1 Bf1 62. Kh3 Bb5 63. Nc3 Bc6 64. Kh4 Bb7 65. Nb5 Ba6 66. Nd6 Bf1 67. Kh3 Bd3
68. Nc8 Ba6 69. Nb6 Kf5 70. Kh4 Bf1 71. g3 Be2 72. Nd5 Bf3 73. Bc1 Kg6 74. Ne3
Be2 75. Ba3 Kf6 76. Bd6 Ke6 77. Bc7 Kf6 78. Kh3 Bd3 79. Bd8+ Kg6 80. Kg2 Kf7 81.
Kf2 Ke6 82. Nd1 Kf5 83. Ke3 Bc2 84. Nc3 Bd3 85. Bh4 Bc2 86. Nd5 Bd1 87. Ne7+ Ke6
88. Kxe4 Bc2+ 89. Ke3 Bd1 90. Nc6 Kf5 91. Nb4 Bb3 92. Nd3 Bd5 93. Ne1 Bc6 94.
Nf3 Bb7 95. Kf2 Bc6 96. Bd8 Bd5 97. Nh4+ Ke6 98. Bc7 Kf6 99. Nf3 e4 100. Nd4 Kg5
101. Bd8+ Kg4 102. Nc2 Be6 103. Bh4 Kh3 104. Ke3 Kg4 105. Nd4 Bd5 106. Ne2 Kf5
107. Nc3 Bc6 108. Kd4 Bb7 109. Nb5 Ba6 110. Nd6+ Kg6 111. Kxe4 Be2 112. Ke5 Bg4
113. Nc4 Bf3 114. Kf4 Be2 115. Ne5+ Kh6 116. Kf5 Bd1 117. Kf6 Be2 118. Nd7 1-0

[Event "Riga Tech Open A 2018"]
[Site "Riga LAT"]
[Date "2018.08.12"]
[Round "9.26"]
[White "Pogosyan, Stefan"]
[Black "Kaczur, Florian"]
[Result "1-0"]
[WhiteTitle "FM"]
[BlackTitle "IM"]
[WhiteElo "2331"]
[BlackElo "2482"]
[WhiteFideId "34159867"]
[BlackFideId "705098"]
[EventDate "2018.08.06"]

1. c4 Nf6 2. Nc3 e5 3. g3 Bb4 4. Bg2 O-O 5. Nf3 Re8 6. O-O Bxc3 7. bxc3 d6 8. d3
Nc6 9. e4 a6 10. a4 Bg4 11. h3 Bh5 12. g4 Bg6 13. a5 Nd7 14. Bg5 f6 15. Be3 Nc5
16. Nh4 Bf7 17. Nf5 Qd7 18. Qc2 Ne6 19. Rfb1 Reb8 20. Qa4 Be8 21. d4 Ncd8 22.
Qc2 g6 23. Ng3 Nf4 24. Bxf4 exf4 25. Ne2 g5 26. Nc1 Bf7 27. Qa4 Qc8 28. Nd3 h5
29. f3 Nc6 30. c5 Ne7 31. d5 Ng6 32. Qd4 Kg7 33. cxd6 cxd6 34. Rb6 Qc7 35. gxh5
Ne5 36. Nxe5 dxe5 37. Qb4 Rc8 38. h6+ Kg6 39. Rxb7 Qxc3 40. Qxc3 Rxc3 41. Rd1
Rc5 42. d6 Rd8 43. d7 Rxa5 44. Rc7 Be6 45. Rd6 Ra1+ 46. Kh2 Rxd7 47. Rdxd7 Bxd7
48. Rxd7 Kxh6 49. h4 Ra2 50. hxg5+ fxg5 51. Kh3 Kh5 52. Re7 Ra5 53. Re6 Rc5 54.
Rxa6 g4+ 55. fxg4+ Kg5 56. Ra3 Rc2 57. Bf3 Rf2 58. Rb3 Rf1 59. Kg2 Ra1 60. Rb8
Ra2+ 61. Kh3 Ra3 62. Rg8+ Kf6 63. Kg2 Ra2+ 64. Kf1 Rb2 65. Be2 Rb4 66. Bd3 Ra4
67. Bc2 Ra1+ 68. Ke2 Ra2 69. Kd3 Ra3+ 70. Kc4 f3 71. Bd1 Kf7 72. Rg5 Re3 73.
Bxf3 Ke6 74. Rf5 Re1 75. g5 Rc1+ 76. Kd3 Rg1 77. Ke2 Ra1 78. Kf2 1-0

[Event "Riga Tech Open A 2018"]
[Site "Riga LAT"]
[Date "2018.08.12"]
[Round "9.28"]
[White "Haria, Ravi"]
[Black "Solozhenkina, Elizaveta"]
[Result "1/2-1/2"]
[WhiteTitle "IM"]
[BlackTitle "WIM"]
[WhiteElo "2449"]
[BlackElo "2294"]
[WhiteFideId "415820"]
[BlackFideId "34106615"]
[EventDate "2018.08.06"]

1. Nf3 Nf6 2. g3 g6 3. Bg2 Bg7 4. O-O O-O 5. d4 d5 6. c4 Nc6 7. cxd5 Nxd5 8. e4
Nb6 9. d5 Na5 10. Qe1 Nac4 11. Nc3 c6 12. b3 Na5 13. Be3 cxd5 14. Rd1 e6 15.
Nxd5 Nxd5 16. exd5 exd5 17. Bc5 Nc6 18. Bxf8 Bxf8 19. Qd2 Be6 20. Ng5 Bb4 21.
Nxe6 fxe6 22. Qe2 Qe7 23. Rd3 Re8 24. f4 Bc5+ 25. Kh1 Nd4 26. Qd1 Nf5 27. Re1 d4
28. Qf3 b6 29. Qb7 Qxb7 30. Bxb7 Ne3 31. Re2 a5 32. a3 Kf7 33. b4 axb4 34. axb4
Bxb4 35. Rxd4 Bc5 36. Rd3 Nc4 37. Kg2 Re7 38. Bc6 Kf6 39. g4 Rc7 40. Bd7 e5 41.
Bb5 Bd4 42. Rf3 Ke6 43. g5 Kd5 44. Bxc4+ Rxc4 45. Rh3 Rc7 46. fxe5 Bxe5 47. Rd3+
Bd4 48. Red2 Rc4 49. Rh3 b5 50. Rxh7 b4 51. Rd7+ Ke4 52. Rb7 Ke3 53. Ra2 Bc3 54.
h3 Rc5 55. h4 Rc6 56. Rf2 Kd3 57. Rf8 1/2-1/2

[Event "Riga Tech Open A 2018"]
[Site "Riga LAT"]
[Date "2018.08.12"]
[Round "9.31"]
[White "Priyanka, Nutakki"]
[Black "Bernotas, Arturs"]
[Result "1/2-1/2"]
[BlackTitle "FM"]
[WhiteElo "2212"]
[BlackElo "2406"]
[WhiteFideId "25049615"]
[BlackFideId "11601426"]
[EventDate "2018.08.06"]

1. e4 c6 2. d4 d5 3. Nd2 g6 4. Ngf3 Bg7 5. c3 dxe4 6. Nxe4 Nf6 7. Bd3 Nbd7 8.
O-O O-O 9. Re1 Nxe4 10. Bxe4 c5 11. dxc5 Nxc5 12. Qxd8 Rxd8 13. Bc2 Be6 14. Be3
Nd3 15. Bxd3 Rxd3 16. Rad1 Rxd1 17. Rxd1 b6 18. a4 Rc8 19. Nd4 Rd8 20. Ra1 Bc4
21. a5 bxa5 22. Nc6 Rd7 23. Nxa5 Be2 24. Nb3 a6 25. Nc5 Rd6 26. f3 Rb6 27. Na4 1/2-1/2

[Event "Riga Tech Open A 2018"]
[Site "Riga LAT"]
[Date "2018.08.12"]
[Round "9.32"]
[White "Kukk, Sander"]
[Black "Pershin, Denis"]
[Result "0-1"]
[WhiteElo "2194"]
[BlackElo "2403"]
[WhiteFideId "4502094"]
[BlackFideId "24165506"]
[EventDate "2018.08.06"]

1. b3 e5 2. Bb2 Nc6 3. e3 Nf6 4. Bb5 Bd6 5. Na3 Na5 6. Be2 a6 7. c4 O-O 8. Nc2
Re8 9. d3 b5 10. e4 bxc4 11. bxc4 c6 12. Nf3 Bc7 13. Ne3 d5 14. cxd5 cxd5 15.
Nd2 Rb8 16. Ba3 d4 17. Ng4 Bxg4 18. Bxg4 Bd6 19. Bxd6 Qxd6 20. O-O Rb2 21. Bh3
Qa3 22. Nb3 Rxa2 23. Nxa5 Qxa5 24. Rxa2 Qxa2 25. Qa1 Qe2 26. Qxa6 Nxe4 27. Bd7
Rf8 28. Bb5 Nd2 29. Rc1 Nb3 30. Rb1 Nc5 31. Qa3 Ne6 32. g3 Ng5 33. Ra1 e4 34.
Qa2 Nf3+ 35. Kg2 Nd2 36. dxe4 Qxe4+ 37. Kh3 Nf3 38. g4 Ng5+ 39. Kh4 Qf3 40. Qe2
Qf4 41. Ra3 Ne4 42. Kh3 Nxf2+ 43. Kh4 Qxh2+ 0-1